000 00688nam a22002297a 4500
003 UA-OsUOA
001 78723
007 ta
008 20111018b un ||||| |||| 00| 0 ukr d
100 _aТеккерей У. М.
090 _a821.161.1(410)
_bТ30
942 _cBK
040 _aUA-OsUOA
_brus
_cUA-OsUOA
_dUA-OsUOA
245 _aСобрание сочинений в двенадцати томах
_bРоман
_n10
300 _a496 с.
955 _a3
041 _arus
080 _a821.161.1(410)
260 _aМ.
_bХудожественая литература
_c1979
650 7 _a82 Література. Літературознавство
_2UDC
999 _c365046
_d365046